Физико-химические методы увеличения нефтеотдачи при заводнении

Bibliographic Details
Main Author: Манырин В. Н. Вячеслав Николаевич
Other Authors: Швецов И. А. Игорь Александрович
Summary:Монография представляет собой обобщение многолетнего опыта широкомасштабного внедрения и промысловых исследований физико-химических методов увеличения нефтеизвлечения при заводнении нефтяных пластов в различных нефтяных районах России. В книге нашли отражение предложения и рекомендации читателей первого издания книги «Физико-химические методы увеличения нефтеотдачи пластов. Анализ и проектирование». В переработанном варианте книги более полно описаны наиболее распространенные в промысловой практике России физико-химические методы, повышающие нефтеотдачу неоднородных пластов. Рассматриваются гидродинамические модели расчета показателей разработки нефтяных месторождений с применением физико-химических методов воздействия на пласт. Предложен метод оценки эффективности методов увеличения нефтеотдачи, основанный на адаптации математической модели с целью приближения расчетных показателей разработки к фактическим. Дан анализ и рассчитана величина дополнительной добычи нефти в случае применения различных технологий воздействия на пласт на месторождениях Западной Сибири и объектах ОАО «Татнефть». Для облегчения понимания изложенного материала в книге приведена применяемая терминология и даны используемые сокращения. В приложении представлены краткие све дения о методах ПНП, применяемых в США.
Language:Russian
Published: Самара, Бахрах-М, 2002
Subjects:
Format: Book
KOHA link:https://koha.lib.tpu.ru/cgi-bin/koha/opac-detail.pl?biblionumber=162279

MARC

LEADER 00000nam0a2200000 4500
001 162279
005 20231101222318.0
010 |a 5735003445 
035 |a (RuTPU)RU\TPU\book\175991 
090 |a 162279 
100 |a 20090619d2002 k y0rusy50 ca 
101 0 |a rus 
102 |a RU 
105 |a a z 001zy 
200 1 |a Физико-химические методы увеличения нефтеотдачи при заводнении  |f В. Н. Манырин, И. А. Швецов 
210 |a Самара  |c Бахрах-М  |d 2002 
215 |a 392 с.  |c ил. 
320 |a Библиография в конце глав. 
330 |a Монография представляет собой обобщение многолетнего опыта широкомасштабного внедрения и промысловых исследований физико-химических методов увеличения нефтеизвлечения при заводнении нефтяных пластов в различных нефтяных районах России. В книге нашли отражение предложения и рекомендации читателей первого издания книги «Физико-химические методы увеличения нефтеотдачи пластов. Анализ и проектирование». В переработанном варианте книги более полно описаны наиболее распространенные в промысловой практике России физико-химические методы, повышающие нефтеотдачу неоднородных пластов. Рассматриваются гидродинамические модели расчета показателей разработки нефтяных месторождений с применением физико-химических методов воздействия на пласт. Предложен метод оценки эффективности методов увеличения нефтеотдачи, основанный на адаптации математической модели с целью приближения расчетных показателей разработки к фактическим. Дан анализ и рассчитана величина дополнительной добычи нефти в случае применения различных технологий воздействия на пласт на месторождениях Западной Сибири и объектах ОАО «Татнефть». Для облегчения понимания изложенного материала в книге приведена применяемая терминология и даны используемые сокращения. В приложении представлены краткие све дения о методах ПНП, применяемых в США. 
606 1 |a Нефтяные скважины  |x Заводнение  |2 stltpush  |3 (RuTPU)RU\TPU\subj\46091  |9 65276 
610 1 |a нефтегазодобыча 
610 1 |a нефтеотдача 
610 1 |a нефть 
610 1 |a вода 
610 1 |a физико-химические методы 
610 1 |a нефтяные месторождения 
610 1 |a разработка 
610 1 |a прогноз 
610 1 |a технологии 
610 1 |a контроль 
610 1 |a Западная Сибирь 
610 1 |a экономические показатели 
610 1 |a расчет 
610 1 |a монографии 
675 |a 622.276.43  |v 3 
700 1 |a Манырин  |b В. Н.  |g Вячеслав Николаевич 
701 1 |a Швецов  |b И. А.  |g Игорь Александрович 
801 1 |a RU  |b 63413507  |c 20090619  |g PSBO 
801 2 |a RU  |b 63413507  |c 20150723  |g RCR 
942 |c BK 
959 |a 73/20090619  |d 2  |e 2000,00  |f АНЛ:1  |f ЧЗТЛ:1